Modern Digital Electronics (Record no. 165218)
[ view plain ]
| 000 -LEADER | |
|---|---|
| fixed length control field | 00450nam a2200181Ia 4500 |
| 008 - FIXED-LENGTH DATA ELEMENTS--GENERAL INFORMATION | |
| fixed length control field | 230612s9999 xx 000 0 und d |
| 041 ## - LANGUAGE CODE | |
| Language code of text/sound track or separate title | eng |
| 082 ## - DEWEY DECIMAL CLASSIFICATION NUMBER | |
| Classification number | 621.381 JAI |
| 100 ## - MAIN ENTRY--PERSONAL NAME | |
| Personal name | Jain R.P. |
| 245 ## - TITLE STATEMENT | |
| Title | Modern Digital Electronics |
| 260 ## - PUBLICATION, DISTRIBUTION, ETC. (IMPRINT) | |
| Date of publication, distribution, etc. | 1991 |
| Name of publisher, distributor, etc. | Tata McGraw Hill |
| 300 ## - PHYSICAL DESCRIPTION | |
| Extent | 468 |
| Dimensions | Ref 92 E (936) |
| 365 ## - TRADE PRICE | |
| Currency code | Rs. |
| Price amount | 69.00 |
| 500 ## - GENERAL NOTE | |
| Keywords | 92 E |
| 700 ## - ADDED ENTRY--PERSONAL NAME | |
| Personal name | Jain R.P. |
| 906 ## - LOCAL DATA ELEMENT F, LDF (RLIN) | |
| d | B:12-Aug-1992 |
| c | ETC |
| b | 10.35 |
| Withdrawn status | Lost status | Source of classification or shelving scheme | Reference No | Damaged status | Not for loan | Collection code | Home library | Current library | Date acquired | Vendor | Budget Code | Cost, normal purchase price | Bill number | Full call number | Barcode | Date last seen | Discount | Cost, replacement price | Bill Date | Koha item type | Original Barcode |
|---|---|---|---|---|---|---|---|---|---|---|---|---|---|---|---|---|---|---|---|---|---|
| Dewey Decimal Classification | Ref 92 E (936) | Reference | Cummins College of Engineering for Women Pune | Cummins College of Engineering for Women Pune | 19/09/1992 | Unicate Publishers Distributors | ETC | 58.65 | 71 | 621.381 JAI | CCEP-BK-936 | 12/06/2023 | 10.35 | 69.00 | 12/08/1992 | Books | 000936 |